000 01031nas a2200337 4500
001 BR2017003154
003 BR-BrBNA
005 20231205131143.0
007 ta
008 230509b bl.|||p| |||| 00| 00por d
040 _aBR-BrBNA
_bpor
_cBiblioteca Nacional de Agricultura
041 _a(Pt)
072 _aE16; L02
100 1 _aRufino, J.P.F.
100 1 _aCruz, F.G.G.
100 1 _aTanaka, E. de S.
100 1 _aMelo, R.D.
100 1 _aFeijó, J. da C.
245 1 _aAnálise econômica da inclusão de farinha do resíduo de buriti na alimentação de poedeiras comerciais
650 _aGALINHA PARA POSTURA
650 _aBURITI
650 _aRESÍDUO
650 _aRAÇÃO
650 _aALIMENTO ALTERNATIVO
650 _aANÁLISE ECONÔMICA
650 _aCUSTO DE PRODUÇÃO
650 _aRENTABILIDADE
773 0 _tRevista Ciência Agronômica (Brazil)
_xISSN 0045-6888
_g(Oct-Dec 2017), v. 48(4) p. 732-738
_wBR2017003154
909 _a202311
_bLúcia
_c55
_dLúcia Elande
942 _2AGRIS
_n0
_cANA
999 _c253284
_d253284